01791cam a2200397 a 4500001001400000003000800014005001700022006001900039007001500058008004100073020003800114040003000152049002600182050002200208082001700230245008300247260005200330300003700382490004700419505019200466520022000658521001700878588004700895504004100942650003900983650004401022650004201066655002901108700002301137710001601160776003501176830004801211856009901259942001601358999001901374EDZ0000117394StDuBDS20161031105203.0m||||||||d||||||||cr |||||||||||130111s2008 caua fo| 000|0|eng|d a9781446263464 (ebook) :cNo price aStDuBDSbengcStDuBDSepn aAlfaisal Main Library 0aHM741b.S623 200804a302.307222300aSocial network analysish[electronic resource] /cedited by Linton C. Freeman. aLos Angeles, [Calif.] ;aLondon :bSAGE,c2008. a1 online resource (4 v.) :bill.1 aSAGE benchmarks in social research methods0 av. 1. Data, mathematical models and graphics -- v. 2. The structure of social groups -- v. 3. The structure of social positions -- v. 4. Antecedents and consequences of network structure.8 aSocial network analysis is a crucial method in the understanding of human behaviour. This four-volume set is brought together by Linton Freeman, founder and editor of the key journal in the field, 'Social Networks'. aSpecialized. aDescription based on print version record. aIncludes bibliographical references. 0aSocial sciencesxNetwork analysis. 0aSocial networksxResearchxMethodology. 0aSocial networksxMathematical models. 7aElectronic books.2local1 aFreeman, Linton C.2 aSage eBooks08iPrint version :z9781412934060 0aSAGE benchmarks in social research methods.40uhttp://ezproxy.alfaisal.edu/login?url=http://sk.sagepub.com/navigator/social-networks-analysis 2lcccEBOOKS c481236d481236